Μαθήματα μουσικής

Αποθηκεύτηκε σε:
Λεπτομέρειες βιβλιογραφικής εγγραφής
Κύριος συγγραφέας: Καλομοίρης, Μανώλης, 1883-1962
Άλλοι συγγραφείς: Οικονομίδης, Φιλοκτήτης, 1889-1957
Μορφή: Βιβλίο
Γλώσσα:Greek
Δημοσίευση: Αθήναι : Γαϊτάνος, 1939-
Έκδοση:4η έκδ.
Θέματα:
Διαθέσιμο Online:http://hdl.handle.net/11610/16725
Ετικέτες: Προσθήκη ετικέτας
Δεν υπάρχουν, Καταχωρήστε ετικέτα πρώτοι!

MARC

LEADER 00000cam a2200000 i 4500
001 1/90279
008 080701m19399999gr | ||| ||| ||gre||
035 |l 10098618 
040 |a GR-MY-UA  |b gre  |e aacr 
041 0 |a gre 
082 7 |a 781.2   |2 (22) 
100 1 |a Καλομοίρης, Μανώλης,   |d 1883-1962. 
245 1 0 |a Μαθήματα μουσικής /   |c Μανώλη Καλομοίρη - Φιλοκτήτη Οικονομίδη.  
250 |a 4η έκδ.  
260 |a Αθήναι :   |b Γαϊτάνος,   |c 1939-  
300 |a  τ. ;   |c 24 εκ.  
500 |a "Προς χρήσιν των μαθητών των γυμνασίων, διδασκαλείων και προκαταρκτικών τάξεων των ωδείων και μουσικών σχολών".  
500 |a Υπάρχει ψηφιακό αντίγραφο.  
504 |a Περιλαμβάνει ευρετήριο.  
505 0 |a Τ.1. Στοιχεία της θεωρίας της μουσικής μετά μελωδικών ασκήσεων (σολφέζ) και σχολικών τραγουδιών  
650 0 0 |a Music theory. 
650 0 0 |a Music  |x Philosophy and aesthetics. 
700 1 |a Οικονομίδης, Φιλοκτήτης,   |d 1889-1957. 
740 0 2 |a Στοιχεία της θεωρίας της μουσικής μετά μελωδικών ασκήσεων (σολφέζ) και σχολικών τραγουδιών  
852 |a INST  |b RHODES  |c AKA  |e 20080701  |h  781 ΚΑΛ  |p 005400027822  |q 005400027822  |t BK  |y 23 
856 |u http://hdl.handle.net/11610/16725 
901 |a BIBL4-2008-2 
909 |a Ρ  |b 150716 
970 |a Χαριοπολίτου  |b Κωνσταντίνα  |z 2008-07-01